Central Library OPAC University of Rajshahi

The Istrian perambulation / (Record no. 71472)

MARC details
000 -LEADER
fixed length control field 00707nam a2200229 a 4500
001 - CONTROL NUMBER
control field 71472
003 - CONTROL NUMBER IDENTIFIER
rucl marc code BD-RjUL
005 - DATE AND TIME OF LATEST TRANSACTION
control field 20211209082122.0
008 - FIXED-LENGTH DATA ELEMENTS--GENERAL INFORMATION
fixed length control field 170503s2002 enk 000 0 eng d
035 ## - SYSTEM CONTROL NUMBER
System control number (BD-RjUL)71688
040 ## - CATALOGING SOURCE
Original cataloging agency EQF
Transcribing agency EQF
Modifying agency OCLCQ
-- BD-RjUL
Language of cataloging eng
041 1# - LANGUAGE CODE
Language code of text/sound track or separate title eng
Language code of original scr
082 ## - DEWEY DECIMAL CLASSIFICATION NUMBER
Edition number 23
Classification number 891.83
Author mark and year IST 2002
245 04 - TITLE STATEMENT
Title The Istrian perambulation /
Statement of responsibility, etc. Translated by Petar velnic
260 ## - PUBLICATION, DISTRIBUTION, ETC. (IMPRINT)
Place of publication, distribution, etc. London :
Name of publisher, distributor, etc. Stephen Osborne,
Date of publication, distribution, etc. 2002.
300 ## - PHYSICAL DESCRIPTION
Pagination ii, 64 p. ;
Size 23 cm.
500 ## - GENERAL NOTE
General note Translation of a document in Croatian written in Glagolitic script.
650 ## - SUBJECT ADDED ENTRY--TOPICAL TERM
Topical term or geographic name as entry element Istrian (Croatian Literature)
9 (RLIN) 211457
700 1# - ADDED ENTRY--PERSONAL NAME
Personal name Petar velnic
942 ## - ADDED ENTRY ELEMENTS (KOHA)
Source of classification or shelving scheme Dewey Decimal Classification
Koha item type Books
Holdings
Lost status Source of classification or shelving scheme Damaged status Not for loan Collection code Permanent Location Current Location Shelving location Date acquired Source of acquisition Cost, normal purchase price Total Checkouts Full call number Date last seen Copy number Koha item type
  Dewey Decimal Classification   Not For Loan Non-fiction Central Library, University of Rajshahi Central Library, University of Rajshahi Reading Room 15/09/2009 Rajshahi, 0.00   891.83 IST 2002 03/05/2017 C-1 Books